书目信息 |
| 题名: |
数学—它的内容,方法和意义
|
|
| 作者: | 亚历山大洛夫 著 ;孙小礼 , 赵孟养 , 裘光明 , 严士健 译 | |
| 分册: | 第一卷 | |
| 出版信息: | 北京 科学出版社 2001.11 |
|
| 页数: | 320页 | |
| 开本: | 20cm | |
| 丛书名: | 数学名著译丛 | |
| 单 册: | ||
| 中图分类: | O1 | |
| 科图分类: | ||
| 主题词: | 数学 | |
| 电子资源: | ||
| ISBN: | 7-03-009596-0 | |
| 000 | 00841nam0 2200265 45 | |
| 001 | 0112291049 | |
| 005 | 20031219104052.3 | |
| 010 | @a7-03-009596-0@dCNY28.00 | |
| 100 | @a20011229d2001 km y0chiy0120 ea | |
| 101 | 0 | @achi@crus |
| 105 | @a z 000yy | |
| 200 | 1 | @a数学—它的内容,方法和意义@h第一卷@AShu Xue—Ta De Nei Rong,Fang Fa He Yi Yi@f(俄)亚历山大洛夫等著@F(E)Ya Li Shan Da Luo Fu Deng Zhu@g孙小礼等译 |
| 210 | @a北京@c科学出版社@d2001.11 | |
| 215 | @a320页@d20cm | |
| 225 | @a数学名著译丛 | |
| 410 | @12001 @a数学名著译丛 | |
| 606 | 0 | @a数学 |
| 690 | @aO1@v4 | |
| 701 | 0 | @a亚历山大洛夫@4著 |
| 702 | 0 | @a孙小礼@ASun Xiao Li@4译 |
| 702 | 0 | @a赵孟养@4译@AZhao Meng Yang |
| 702 | 0 | @a裘光明@4译@AQiu Guang Ming |
| 702 | 0 | @a严士健@4译@AYan Shi Jian |
| 801 | @aCN@bTSTC@c20011229 | |
| 905 | @f10@b302624-633@dO1@e109:1 | |
| 数学—它的内容,方法和意义.第一卷/(俄)亚历山大洛夫等著/孙小礼等译.-北京:科学出版社,2001.11 |
| 320页;20cm.-(数学名著译丛) |
| ISBN 7-03-009596-0:CNY28.00 |
| ● |
| 相关链接 |
|
|
|
|
正题名:数学—它的内容,方法和意义
索取号:O1/109:1
 
预约/预借
| 序号 | 登录号 | 条形码 | 馆藏地/架位号 | 状态 | 备注 |
| 1 | 0302624 | 203026242 | 第三借阅区/ [索取号:O1/109:1] | 在馆 | |
| 2 | 0302625 | 203026251 | 第三借阅区/ [索取号:O1/109:1] | 在馆 | |
| 3 | 0302626 | 203026260 | 第三借阅区/ [索取号:O1/109:1] | 在馆 | |
| 4 | 0302627 | 203026279 | 第三借阅区/ [索取号:O1/109:1] | 在馆 | |
| 5 | 0302628 | 203026288 | 第三借阅区/ [索取号:O1/109:1] | 在馆 | |
| 6 | 0302629 | 203026297 | 第三借阅区/ [索取号:O1/109:1] | 在馆 | |
| 7 | 0302630 | 203026304 | 第三借阅区/ [索取号:O1/109:1] | 在馆 | |
| 8 | 0302631 | 203026313 | 第三借阅区/ [索取号:O1/109:1] | 在馆 | |
| 9 | 0302632 | 203026322 | 第三借阅区/ [索取号:O1/109:1] | 在馆 | |
| 10 | 0302633 | 203026331 | 第二样本阅览室/ [索取号:O1/109:1] | 在馆 |